Vātāhata / (Record no. 82472)

MARC details
000 -LEADER
fixed length control field 00661nam a2200241 a 4500
001 - CONTROL NUMBER
control field sa 68008618
003 - CONTROL NUMBER IDENTIFIER
control field DLC
005 - DATE AND TIME OF LATEST TRANSACTION
control field 20260227112533.0
008 - FIXED-LENGTH DATA ELEMENTS--GENERAL INFORMATION
fixed length control field 980304s1948 ii 000 0 mar
010 ## - LIBRARY OF CONGRESS CONTROL NUMBER
LC control number sa 68008618
040 ## - CATALOGING SOURCE
Original cataloging agency DLC
Transcribing agency DLC
041 1# - LANGUAGE CODE
Language code of text/sound track or separate title mar
Language code of original urd
050 00 - LIBRARY OF CONGRESS CALL NUMBER
Classification number PK2200.C5
Item number S516
100 1# - MAIN ENTRY--PERSONAL NAME
Personal name Chandar, Krishan.
240 10 - UNIFORM TITLE
Uniform title Shikast.
Language of a work Marathi
245 10 - TITLE STATEMENT
Title Vātāhata /
Statement of responsibility, etc. Kr̥shṇa Candra ; anuvādaka Rā. Bhi. Jośī.
250 ## - EDITION STATEMENT
Edition statement Prathamāvr̥tti.
260 ## - PUBLICATION, DISTRIBUTION, ETC.
Place of publication, distribution, etc. Mumbaī :
Name of publisher, distributor, etc. Abhinava Prakāśana,
Date of publication, distribution, etc. 1948.
300 ## - PHYSICAL DESCRIPTION
Extent 224 p. ;
Dimensions 18 cm.
500 ## - GENERAL NOTE
General note Novel.
546 ## - LANGUAGE NOTE
Language note In Marathi.
700 1# - ADDED ENTRY--PERSONAL NAME
Personal name Joshi, Ramchandra Bhikaji,
Dates associated with a name 1903-

No items available.

Powered by Koha